LIBRARY ONLINE CATALOGUE

Advanced educational psychology/ (Record no. 19722)

MARC details
000 -LEADER
fixed length control field 00455nam a22001457a 4500
008 - FIXED-LENGTH DATA ELEMENTS--GENERAL INFORMATION
fixed length control field 221028b |||||||| |||| 00| 0 eng d
020 ## - INTERNATIONAL STANDARD BOOK NUMBER
International Standard Book Number 8171566075
050 ## - LIBRARY OF CONGRESS CALL NUMBER
Classification number LB1051
Item number .S53 2003
100 ## - MAIN ENTRY--PERSONAL NAME
Personal name Sharma, Ram Nath
245 ## - TITLE STATEMENT
Title Advanced educational psychology/
Statement of responsibility, etc. Ram Nath Sharma & Rajendra Kumar Sharma
260 ## - PUBLICATION, DISTRIBUTION, ETC. (IMPRINT)
Place of publication, distribution, etc. New Delhi
Name of publisher, distributor, etc. Atlantic publishers & distributors (p) LTD
Date of publication, distribution, etc. 2003
300 ## - PHYSICAL DESCRIPTION
Extent 567p.
700 ## - ADDED ENTRY--PERSONAL NAME
Personal name Sharma, Rajendra Kumar
942 ## - ADDED ENTRY ELEMENTS (KOHA)
Source of classification or shelving scheme Library of Congress Classification
Koha item type General Collection
Holdings
Withdrawn status Lost status Source of classification or shelving scheme Not for loan Home library Current library Date acquired Cost, normal purchase price Inventory number Total Checkouts Full call number Barcode Date last seen Date last checked out Copy number Price effective from Koha item type
    Library of Congress Classification   Kabarak, Main Campus Kabarak, Main Campus 28/10/2022 8647.00 2067/2022 4 LB1051 .S53 2003 C.1 032705 17/03/2025 10/03/2025 C.1 28/10/2022 General Collection